000 02524nam a2200373 a 4500
001 ebr10453195
003 CaPaEBR
006 m u
007 cr cn|||||||||
008 100604s2011 nyua sb 001 0 eng d
010 _z 2010021694
020 _z9780765620811 (cloth : alk. paper)
020 _z9780765627520 (e-book)
040 _aCaPaEBR
_cCaPaEBR
035 _a(OCoLC)707923772
050 1 4 _aAZ182
_b.T43 2011eb
082 0 4 _a001.3/071
_222
245 0 0 _aTeaching the humanities online
_h[electronic resource] :
_ba practical guide to the virtual classroom /
_cSteven J. Hoffman, editor.
260 _aArmonk, N.Y. :
_bM.E. Sharpe,
_c2011.
300 _axiii, 181 p. :
_bill.
490 1 _aHistory, humanities, and new technology
504 _aIncludes bibliographical references and index.
505 0 _aIntroduction : the future is now / Steven J. Hoffman -- Before we begin : preparing to teach online / Khadijah O. Miller -- Reducing distance in online classes / Lisa M. Lane -- Using electronic courseware : lessons for educators / Sharmila Pixy Ferris and Maureen C. Minielli -- Making course management systems work / Lisa M. Lane -- Blended classrooms : hybridity, social capital, and online learning / Peter Sands -- Facilitating interaction in the online environment / Michelle Kilburn -- Using social networking applications in online teaching / Allen Gathman and Mary Harriet Talbut -- Re-directing discussion : challenges related to the social aspects of online educational environments / Melanie L. Buffington -- Easier than it looks : using web resources in the humanities / Daryl E. Fridley -- Assessing student learning / Martha Henckell -- Creating an environment of faculty involvement / Steven J. Hoffman -- If the future is now, what's next? Five trends affecting the future of online education / David J. Staley.
533 _aElectronic reproduction.
_bPalo Alto, Calif. :
_cebrary,
_d2011.
_nAvailable via World Wide Web.
_nAccess may be limited to ebrary affiliated libraries.
650 0 _aHumanities
_xStudy and teaching.
650 0 _aHumanities
_xStudy and teaching
_xTechnological innovations.
650 0 _aWeb-based instruction.
650 0 _aDistance education.
655 7 _aElectronic books.
_2local
700 1 _aHoffman, Steven J.
710 2 _aebrary, Inc.
830 0 _aHistory, humanities, and new technology.
856 4 0 _uhttp://site.ebrary.com/lib/rucke/Doc?id=10453195
_zAn electronic book accessible through the World Wide Web; click to view
999 _c125213
_d125213